[Event "SWE-chT2 0809"]
[Site "Sweden"]
[Date "2009.02.07"]
[Round "5"]
[White "Eriksson, Bengt"]
[Black "Akerhed, Johan"]
[Result "1-0"]
[WhiteElo "1945"]
[BlackElo "1976"]
[PlyCount "40"]
[EventDate "2008.10.25"]
[EventType "team-tourn"]
[EventRounds "9"]
[EventCountry "SWE"]
[SourceTitle "EXT 2011"]
[Source "ChessBase"]
[SourceDate "2010.11.26"]
[SourceVersion "1"]
[SourceVersionDate "2010.11.26"]
[SourceQuality "1"]

1. d4 Nf6 2. Bg5 Ne4 3. h4 d5 4. Nd2 Nc6 5. Nxe4 dxe4 6. e3 h6 7. Bf4 e6 8. c3 Bd6 9. Qg4 Qf6 10. Bxd6 cxd6 11. Qxe4 d5 12. Qf3 Qe7 13. Qg3 0-0 14. Nf3 Bd7 15. Bd3 Rac8 16. 0-0 a6 17. e4 dxe4 18. Bxe4 Rfd8 19. Rfe1 Be8 20. d5 Na5 1-0